000 00669nam a22001937a 4500
001 BD-DhSAU 10141
003 BD-DhSAU
005 20150626134715.0
008 150625b1990 bg ||||r|||| 000 0 ben d
040 _aBD-DhSAU
082 _222
_a---
_bমামুক
100 _aমামুন, মুনতাসীর
245 _aকর্নেল ডেভিডসন যখন ঢাকায় /
_cমুনতাসীর মামুন
260 _aঢাকা :
_bপল্লব পাবলিশার্স,
_c১৯৯০.
300 _a৮৯ পৃ. :
_c২২ সেমি
590 _ajoy
650 _aইতিহাস
942 _2ddc
_cBOOK
999 _c10141
_d10140